000 00306 a2200145 4500
001 194906
040 _cMagnum
100 _aRODRIGUES, Carolina
240 1 0 _aA chuva do elefante
_lpor
245 1 0 _aA chuva do elefante
300 _a9
362 0 _a2017
697 _aLITERATURA INFANTIL
942 _cBK
999 _c194906
_d194906